| 000 | 00709nam a2200229Ia 4500 | ||
|---|---|---|---|
| 001 | 9449 | ||
| 003 | GE_BSU | ||
| 008 | 181216s||||||||xx |||||||||||||| ||und|| | ||
| 040 | _cGE_BSU | ||
| 080 | _a821.353.1–1 | ||
| 100 | _aმიქელაძე,მარიკა | ||
| 245 | _aმზე პირს იბანს | ||
| 245 | _bლექსები | ||
| 245 | _cრედ. გ.აბაშიძე.მხატვ.ი.ჯანაშვილი | ||
| 260 | _aთბილისი | ||
| 260 | _bსაბჭ.მწერალი | ||
| 260 | _c1957 | ||
| 300 | _a198გვ.21სმ. | ||
| 653 | _aლექსები | ||
| 653 | _aმზე პირს იბანს | ||
| 942 | _cBK | ||
| 999 |
_c42743 _d42743 |
||